[Event "Tournoi Skype 025B"]
[Site "Skype"]
[Date "????.??.??"]
[Round "4.15"]
[White "Almiron, Patricia"]
[Black "De Coninck, Philippe"]
[Result "0-1"]
[WhiteElo "1270"]
[BlackElo "1354"]
[PlyCount "50"]

1. Nf3 Nc6 2. e4 e5 3. d4 exd4 4. Nxd4 Ne5 5. Bf4 d6 6. Nc3 c6 7. a4 Nf6 8. h3
Qa5 9. Nb3 Qb4 10. Qe2 Be6 11. O-O-O Bxb3 12. cxb3 Qxb3 13. Qc2 Qe6 14. Bg5 Be7
15. f4 Nc4 16. f5 Qe5 17. Bxc4 h6 18. Qb3 O-O 19. Bxf6 Bxf6 20. Qxb7 Rab8 21.
Bxf7+ Kh7 22. Bg6+ Kg8 23. Qxa7 Rxb2 24. Kxb2 Qxc3+ 25. Kb1 Qb2# 0-1

[Event "Tournoi Skype 025B"]
[Site "Skype"]
[Date "????.??.??"]
[Round "4.16"]
[White "Battaglia, Gabriele"]
[Black "Luna Perez Vico, Lorenzo"]
[Result "0-1"]
[WhiteElo "1248"]
[BlackElo "1352"]
[PlyCount "72"]

1. Nf3 Nc6 2. g3 d5 3. Bg2 Nf6 4. O-O g6 5. d3 Bg7 6. Nbd2 O-O 7. Re1 b6 8. e4
dxe4 9. dxe4 e5 10. c4 Re8 11. b3 Nd4 12. Bb2 c5 13. Nxd4 cxd4 14. Rf1 Bb7 15.
f4 Nd7 16. fxe5 Nxe5 17. Nf3 Nxf3+ 18. Bxf3 Bxe4 19. Rf2 f5 20. Rd2 Bxf3 21.
Qxf3 Re3 22. Qd5+ Qxd5 23. cxd5 Rd8 24. Bxd4 Bxd4 25. Rxd4 Rd6 26. Kf2 Re5 27.
Rad1 Kf7 28. Kf3 Kf6 29. R4d2 Re4 30. g4 Rxg4 31. Rd4 Rxd4 32. Rxd4 Ke5 33. Ke3
Rxd5 34. Rxd5+ Kxd5 35. Kf4 Ke6 36. a4 a5 0-1

[Event "Tournoi Skype 025B"]
[Site "Skype"]
[Date "????.??.??"]
[Round "4.17"]
[White "Hernandez, George"]
[Black "Rushdi, Tuan"]
[Result "0-1"]
[WhiteElo "1334"]
[BlackElo "1005"]
[PlyCount "72"]

1. e4 c5 2. Nf3 g6 3. d4 cxd4 4. Nxd4 Nc6 5. c3 Nf6 6. Nd2 Bg7 7. Be2 O-O 8.
O-O d5 9. Qc2 dxe4 10. Nxe4 Nxd4 11. cxd4 Qxd4 12. Nxf6+ Bxf6 13. Rd1 Qb6 14.
Rb1 Rd8 15. Be3 Rxd1+ 16. Rxd1 Qxb2 17. Rd8+ Kg7 18. Qd1 e5 19. Re8 Qxa2 20.
Bc5 h5 21. Bxh5 Bg4 22. Bf8+ Kh7 23. Qc1 Rxe8 24. Bxg6+ fxg6 25. Qh6+ Kg8 26.
Qxg6+ Kxf8 27. Qxf6+ Qf7 28. Qh8+ Ke7 29. Qxe5+ Kf8 30. Qh8+ Qg8 31. Qf6+ Qf7
32. Qh8+ Ke7 33. Qe5+ Be6 34. Qc7+ Kf8 35. Qd6+ Kg8 36. Qg3+ Qg7 0-1

[Event "Tournoi Skype 025B"]
[Site "Skype"]
[Date "????.??.??"]
[Round "4.18"]
[White "Bustos, Ricardo"]
[Black "Scata, Laura"]
[Result "0-1"]
[WhiteElo "1174"]
[BlackElo "1320"]
[PlyCount "94"]

1. d4 c6 2. e4 d5 3. exd5 cxd5 4. Nf3 Bg4 5. Nbd2 Nc6 6. c3 Nf6 7. Be2 e6 8.
O-O Bd6 9. h3 Bh5 10. Qb3 Qc7 11. Qc2 Bg6 12. Bd3 Bxd3 13. Qxd3 O-O 14. a3 a6
15. Re1 b5 16. b4 Qb6 17. Ng5 Rfe8 18. Ngf3 a5 19. Ne5 Ra7 20. Nxc6 Qxc6 21.
Nf3 axb4 22. cxb4 Bxb4 23. Bd2 Bxd2 24. Nxd2 Rea8 25. Rec1 Qb6 26. Qb3 Ra4 27.
Nf3 Nd7 28. Rcb1 R8a5 29. Qc3 Rc4 30. Qe3 h6 31. Rc1 Rxc1+ 32. Qxc1 Qb8 33. Qc6
Nb6 34. Nd2 Nc4 35. Nb3 Rxa3 36. Rxa3 Nxa3 37. Qc5 b4 38. Kf1 Qb5+ 39. Ke1 Qxc5
40. Nxc5 Kf8 41. Kd2 Ke7 42. Kc1 Kd6 43. Nb3 Kc6 44. Kb2 Kb5 45. Kc1 Kc4 46.
Kb2 Kd3 47. Nc5+ Kxd4 0-1

[Event "Tournoi Skype 025B"]
[Site "Skype"]
[Date "????.??.??"]
[Round "4.19"]
[White "Homme, Jim"]
[Black "De Nobrega, George"]
[Result "0-1"]
[WhiteElo "1117"]
[BlackElo "1317"]
[PlyCount "78"]

1. d4 Nf6 2. Nf3 d5 3. e3 a6 4. Bd3 Nc6 5. O-O e6 6. Nbd2 Bd6 7. Re1 O-O 8. e4
dxe4 9. Nxe4 Nxe4 10. Bxe4 Bd7 11. c3 Rb8 12. Bf4 Bxf4 13. Qd3 h6 14. g3 Bd6
15. Rad1 Ne7 16. c4 c6 17. Qc3 Qc7 18. c5 Bxg3 19. fxg3 f5 20. Bc2 Nd5 21. Qd3
Nb4 22. Qb3 Nxc2 23. Qxc2 f4 24. g4 Rbe8 25. Rf1 e5 26. Nxe5 Be6 27. a3 Bd5 28.
Qd2 g5 29. Ng6 Rf6 30. Rde1 Rxe1 31. Qxe1 Rxg6 32. Qe8+ Kh7 33. Qe5 Qxe5 34.
dxe5 Re6 35. Re1 Kg6 36. Kf2 h5 37. h3 hxg4 38. hxg4 Kf7 39. b4 Rh6 0-1

[Event "Tournoi Skype 025B"]
[Site "Skype"]
[Date "????.??.??"]
[Round "4.20"]
[White "Tembhurnekar, Ritu"]
[Black "Engul, Serdar"]
[Result "0-1"]
[WhiteElo "1140"]
[BlackElo "1470"]
[PlyCount "44"]

1. e4 e5 2. Nf3 Nc6 3. Bc4 Bc5 4. c3 Nf6 5. d3 h6 6. Nbd2 O-O 7. O-O d5 8. exd5
Nxd5 9. Re1 Nf4 10. Nf1 Qf6 11. Ng3 h5 12. Ne4 Qg6 13. g3 Nh3+ 14. Kf1 Bg4 15.
Nxc5 Qf5 16. Bd5 e4 17. Bxe4 Qxc5 18. Be3 Qd6 19. a3 Rad8 20. Qd2 f5 21. Bf4
Qf6 22. Bxc6 Qxc6 0-1

[Event "Tournoi Skype 025B"]
[Site "Skype"]
[Date "????.??.??"]
[Round "4.21"]
[White "Duthoit, Bernard"]
[Black "Felippe E Silva, Glenda"]
[Result "1-0"]
[WhiteElo "1422"]
[BlackElo "1288"]
[PlyCount "95"]

1. e4 c6 2. d4 d5 3. e5 Bf5 4. Bd3 Bxd3 5. Qxd3 e6 6. c3 Ne7 7. Bg5 Nd7 8. Nf3
Qc7 9. Nbd2 Nf5 10. Nh4 Nxh4 11. Bxh4 Nb6 12. b3 Be7 13. Bxe7 Qxe7 14. a4 O-O
15. O-O Rfd8 16. a5 Nd7 17. b4 Nf8 18. f4 Ng6 19. g3 h5 20. f5 exf5 21. Qxf5 h4
22. g4 Qe6 23. Nf3 h3 24. Ng5 Qxf5 25. Rxf5 Rd7 26. Nxh3 Re8 27. Re1 Nh4 28.
Rff1 Re6 29. Nf4 Rh6 30. Ng2 Nxg2 31. Kxg2 Re7 32. h3 f6 33. Rf5 Rf7 34. Kg3
Rg6 35. h4 fxe5 36. Rexe5 Rgf6 37. Re8+ Rf8 38. Rxf8+ Rxf8 39. Rxf8+ Kxf8 40.
Kf4 Kf7 41. h5 Kf6 42. g5+ Ke6 43. h6 gxh6 44. gxh6 Kf6 45. h7 Kg7 46. Ke5 Kxh7
47. Kd6 Kg6 48. Kc7 1-0

[Event "Tournoi Skype 025B"]
[Site "Skype"]
[Date "????.??.??"]
[Round "4.22"]
[White "Rodriguez, Nathalie"]
[Black "Latterra, Jeremias"]
[Result "1-0"]
[WhiteElo "1319"]
[BlackElo "1064"]
[PlyCount "33"]

1. d4 Nf6 2. Nf3 d5 3. Nc3 g6 4. Bf4 Bg7 5. Nb5 Qd7 6. Nxc7+ Kf8 7. Nxa8 Nc6 8.
Nc7 Qf5 9. e3 Nb4 10. Bd3 Nxd3+ 11. cxd3 Nd7 12. Nb5 a6 13. Na3 Nb6 14. Rc1 Bd7
15. b3 Qe6 16. Qc2 g5 17. Nxg5 1-0

[Event "Tournoi Skype 025B"]
[Site "Skype"]
[Date "????.??.??"]
[Round "4.23"]
[White "Franco, Yolima"]
[Black "Hargez, Dany"]
[Result "1-0"]
[WhiteElo "1574"]
[BlackElo "1189"]
[PlyCount "37"]

1. d4 d5 2. c4 Bf5 3. Nc3 e6 4. h3 Bb4 5. Bf4 Bxc3+ 6. bxc3 Nc6 7. Qb3 Na5 8.
Qb5+ Nc6 9. Qxb7 e5 10. Qxc6+ Bd7 11. Qxd5 exf4 12. Nf3 Nf6 13. Qe5+ Qe7 14.
Qxc7 O-O 15. Qxf4 Qa3 16. Qd2 Ne4 17. Qd3 Nxc3 18. Ng5 Qa5 19. Qxh7# 1-0

[Event "Tournoi Skype 025B"]
[Site "Skype"]
[Date "????.??.??"]
[Round "4.25"]
[White "Borg, Anthony"]
[Black "Dib, Catherine"]
[Result "1-0"]
[WhiteElo "1348"]
[BlackElo "1048"]
[PlyCount "69"]

1. d4 Nf6 2. Bg5 g6 3. Bxf6 exf6 4. e3 Bg7 5. Nf3 O-O 6. Nc3 d5 7. Qd2 Nc6 8.
O-O-O Re8 9. h4 f5 10. h5 Bd7 11. hxg6 fxg6 12. Bd3 Nb4 13. Be2 Rc8 14. a3 Nc6
15. Rh4 a6 16. Rdh1 h6 17. R4h2 g5 18. Nh4 Kh7 19. Bd3 Ne7 20. g3 Rf8 21. Qe2
Qe8 22. f3 Bf6 23. Ng2 b5 24. Rxh6+ Kg8 25. f4 g4 26. R1h5 Bg7 27. Rh7 Kf7 28.
Qf1 Rh8 29. Rxh8 Bxh8 30. Qh1 Ng6 31. Nxd5 Be6 32. Nh4 Qg8 33. Nxf5 Bxf5 34.
Bxf5 Bf6 35. Nxf6 1-0

[Event "Tournoi Skype 025B"]
[Site "Skype"]
[Date "????.??.??"]
[Round "4.26"]
[White "Le Bouill, Pierre"]
[Black "Erten, Ozlem"]
[Result "0-1"]
[WhiteElo "1182"]
[BlackElo "1290"]
[PlyCount "60"]

1. e4 c6 2. Bc4 d5 3. exd5 cxd5 4. Bb3 e6 5. d4 Nc6 6. Ba4 Nf6 7. Nc3 Bd7 8.
Nf3 Be7 9. Bb5 a6 10. Be2 O-O 11. O-O Qb6 12. b3 Bb4 13. Na4 Qa5 14. Bd2 Bxd2
15. Qxd2 Qxd2 16. Nxd2 Nxd4 17. Rfe1 Nxc2 18. Rac1 Nxe1 19. Rxe1 Bxa4 20. bxa4
Rac8 21. Nf3 Rc2 22. a3 Rfc8 23. g3 Rc1 24. Kg2 Rxe1 25. Nxe1 Rc3 26. Nd3 Rxa3
27. Nc5 b6 28. Nxa6 Rxa4 29. f4 Ra2 30. Kf2 Ne4+ 0-1

[Event "Tournoi Skype 025B"]
[Site "Skype"]
[Date "????.??.??"]
[Round "4.27"]
[White "Cengiz, Ali Ekber"]
[Black "Yanez, Leticia Jorgelina"]
[Result "1-0"]
[WhiteElo "1147"]
[BlackElo "1287"]
[PlyCount "91"]

1. e4 e5 2. Nf3 Nc6 3. Bc4 Nf6 4. d3 d6 5. h3 h6 6. Nc3 Be7 7. Be3 Be6 8. Bd5
Qd7 9. a3 O-O 10. Qd2 h5 11. g4 Bxg4 12. hxg4 Qxg4 13. Nh2 Qg2 14. O-O-O Qg6
15. Rdg1 Nxd5 16. Nxd5 Rae8 17. Rxg6 fxg6 18. Nxc7 Rc8 19. Ne6 Rf7 20. Rg1 Nd4
21. Nxd4 exd4 22. Bxd4 Bf6 23. Be3 a6 24. Rxg6 Bxb2+ 25. Kxb2 Kf8 26. f4 b5 27.
f5 Ke7 28. Bg5+ Kd7 29. Nf3 Kc6 30. Nd4+ Kb6 31. Rxd6+ Kc7 32. Rxa6 Rb8 33.
Qa5+ Kc8 34. Qc3+ Rc7 35. Nc6 b4 36. axb4 Rbb7 37. Bf4 h4 38. Bxc7 Kxc7 39.
Na7+ Kd8 40. Qc8+ Ke7 41. Qxb7+ Kf8 42. Nb5 Kg8 43. Ra8+ Kh7 44. Ra7 Kh6 45.
Qxg7+ Kh5 46. Qg6# 1-0

[Event "Tournoi Skype 025B"]
[Site "Skype"]
[Date "????.??.??"]
[Round "4.28"]
[White "Ruiz Gomez, Luz Alba"]
[Black "Conde, Abigail"]
[Result "1-0"]
[WhiteElo "1279"]
[BlackElo "1000"]
[PlyCount "103"]

1. d4 d5 2. Nf3 e6 3. Bf4 Nc6 4. c3 Nf6 5. e3 Ne4 6. Bd3 Nd6 7. Nbd2 Qf6 8. O-O
h6 9. Bb5 Nf5 10. Qa4 Bd7 11. Rfe1 Be7 12. Bxc7 a6 13. Bxc6 Bxc6 14. Qb3 O-O
15. Be5 Qg6 16. e4 Nh4 17. Bg3 dxe4 18. Nxe4 Bxe4 19. Bxh4 Bxh4 20. Nxh4 Qg4
21. f3 Bxf3 22. Nxf3 Rad8 23. Qxb7 Rd5 24. Re5 Rd6 25. Rae1 f6 26. R5e4 Qf5 27.
Qc7 Rfd8 28. h3 e5 29. Rg4 g5 30. Rge4 R8d7 31. Qc8+ Kf7 32. a4 h5 33. Kh2 g4
34. Nh4 Qg5 35. g3 Qd2+ 36. R4e2 Qd3 37. Re3 Qc2+ 38. R1e2 Qb1 39. Rf2 Rd5 40.
Rxe5 Re7 41. Rxe7+ Kxe7 42. Ng2 Qe4 43. Nf4 Rf5 44. Re2 Qxe2+ 45. Nxe2 Rf2+ 46.
Kg1 Rxe2 47. Qb7+ Ke6 48. hxg4 hxg4 49. Qc8+ Kd5 50. Qxg4 Re4 51. Qg6 Kc4 52.
Qxe4 1-0

[Event "Tournoi Skype 025B"]
[Site "Skype"]
[Date "????.??.??"]
[Round "4.29"]
[White "De Fazio, Monica"]
[Black "Moumtaz, Abderrahim"]
[Result "0-1"]
[WhiteElo "1000"]
[BlackElo "1244"]
[PlyCount "80"]

1. e4 e5 2. Nf3 Nc6 3. Bb5 Nf6 4. Bxc6 dxc6 5. Nc3 Bd6 6. O-O O-O 7. d4 Re8 8.
Bg5 h6 9. dxe5 Bxe5 10. Qxd8 Rxd8 11. Bxf6 Bxf6 12. e5 Be7 13. Rad1 Be6 14. Nd4
a6 15. a3 Bd7 16. f4 Bc5 17. b4 Bb6 18. g3 Bf5 19. Kg2 Bxd4 20. Ne2 Bb6 21. g4
Bxg4 22. Rde1 Rd2 23. h3 Bxe2 24. Rh1 Rxc2 25. Kg3 Bh5 26. Rh2 Rxh2 27. Kxh2
Bg6 28. Kg3 Re8 29. Rf1 Bf5 30. Kf3 Bxh3 31. Rh1 Be6 32. Rh5 Bd5+ 33. Kg4 Kf8
34. f5 Rxe5 35. f6 Rxh5 36. Kxh5 gxf6 37. Kxh6 f5 38. Kg5 Be4 39. Kf4 Ke7 40.
Ke5 f6+ 0-1

[Event "Tournoi Skype 025B"]
[Site "Skype"]
[Date "????.??.??"]
[Round "4.30"]
[White "Marty, Yvette"]
[Black "Yilmazer, Seher"]
[Result "0-1"]
[WhiteElo "1000"]
[BlackElo "1241"]
[PlyCount "26"]

1. e4 c5 2. c4 Nc6 3. Nf3 d6 4. d3 Be6 5. d4 Bg4 6. Be2 Bxf3 7. Bxf3 cxd4 8.
Qe2 Ne5 9. b3 g6 10. Bb2 Qa5+ 11. b4 Qxb4+ 12. Kf1 d3 13. Qe3 Qxb2 0-1

[Event "Tournoi Skype 025B"]
[Site "Skype"]
[Date "????.??.??"]
[Round "4.31"]
[White "Maccaferri, Massimo"]
[Black "Ramirez, Luis Antonio"]
[Result "0-1"]
[WhiteElo "1215"]
[BlackElo "1000"]
[PlyCount "22"]

1. e4 e5 2. Bc4 d5 3. exd5 Nf6 4. Qf3 Bg4 5. Qe4 Nxe4 6. f3 Bxf3 7. gxf3 Ng3 8.
hxg3 Bc5 9. Nc3 Qg5 10. Nb5 Qxg3+ 11. Kf1 Qf2# 0-1

[Event "Tournoi Skype 025B"]
[Site "Skype"]
[Date "????.??.??"]
[Round "4.33"]
[White "Reese, Evan"]
[Black "Blaevoet, Rebecca"]
[Result "1-0"]
[WhiteElo "1000"]
[BlackElo "1196"]
[PlyCount "115"]

1. e4 e5 2. Nc3 Nf6 3. Bc4 c6 4. Nf3 d5 5. exd5 cxd5 6. Bb5+ Bd7 7. Nxe5 Qe7 8.
O-O Qxe5 9. Re1 Ne4 10. d3 Bd6 11. dxe4 Qxh2+ 12. Kf1 d4 13. Qxd4 O-O 14. Bd3
Qh1+ 15. Ke2 Bg4+ 16. Kd2 Bf4+ 17. Re3 Bxe3+ 18. Qxe3 Rd8 19. e5 Nc6 20. Qe4
Qh6+ 21. f4 Rd4 22. Qe3 Rad8 23. Ne2 Bxe2 24. Kxe2 Qh5+ 25. Kf2 Qh4+ 26. Kg1
Rxf4 27. Qxf4 Qxf4 28. Bxf4 Rd4 29. g3 h5 30. Re1 Nb4 31. Be3 Rg4 32. Kf2 Kf8
33. Bf5 Rc4 34. Rd1 Rxc2+ 35. Bxc2 Nxc2 36. Rd8+ Ke7 37. Bg5+ Ke6 38. Re8+ Kf5
39. Bf4 Nb4 40. Rf8 Nd3+ 41. Ke3 Nxb2 42. Rxf7+ Kg6 43. e6 Nd1+ 44. Ke4 Nf2+
45. Kd5 Ng4 46. Rxb7 Kf6 47. e7 Kf7 48. Kd6 Nf6 49. Bg5 Ne4+ 50. Kd7 Nxg5 51.
e8=Q+ Kf6 52. Qf8+ Ke5 53. Rb5+ Ke4 54. Qf4+ Kd3 55. Rb3+ Ke2 56. Qe3+ Kf1 57.
Rb2 g6 58. Qc1# 1-0

[Event "Tournoi Skype 025B"]
[Site "Skype"]
[Date "????.??.??"]
[Round "4.34"]
[White "Codina, Teresa"]
[Black "Schuh, David"]
[Result "1-0"]
[WhiteElo "1195"]
[BlackElo "1000"]
[PlyCount "48"]

1. d4 d5 2. Nf3 Nc6 3. e3 Bf5 4. c4 dxc4 5. Bxc4 Nf6 6. Nc3 g6 7. Qb3 Bg7 8.
Bxf7+ Kf8 9. Ng5 e6 10. O-O Qd7 11. Re1 h6 12. Bxg6 Bxg6 13. Nxe6+ Kg8 14. Nc5+
Nd5 15. Nxd7 Rd8 16. Nc5 b6 17. Ne6 Rd7 18. Nxg7 Kxg7 19. Nxd5 Rhd8 20. e4 Nxd4
21. Qc3 c5 22. Bf4 Bf5 23. Be3 Bxe4 24. Rad1 b5 1-0

[Event "Tournoi Skype 025B"]
[Site "Skype"]
[Date "????.??.??"]
[Round "4.35"]
[White "Tolaro, Filippa"]
[Black "Sanchez, Pedro"]
[Result "0-1"]
[WhiteElo "1000"]
[BlackElo "1193"]
[PlyCount "40"]

1. d4 d5 2. Bf4 Nc6 3. e3 Nf6 4. Bd3 Bg4 5. Qe2 Bxe2 6. Bxe2 e6 7. Be5 Ne4 8.
Nf3 Qe7 9. Nc3 Qb4 10. Rb1 Nxc3 11. O-O Nxe2+ 12. Kh1 Nxe5 13. Nxe5 c5 14. Nd3
Qa5 15. a3 Bd6 16. c3 Qd8 17. Rfe1 Qh4 18. h3 Ng3+ 19. fxg3 Qxg3 20. Re2 Qh2#
0-1

[Event "Tournoi Skype 025B"]
[Site "Skype"]
[Date "????.??.??"]
[Round "4.36"]
[White "Chavez, Isidro"]
[Black "Trapletti, Cosetta"]
[Result "1-0"]
[WhiteElo "1189"]
[BlackElo "1000"]
[PlyCount "53"]

1. e4 e5 2. Bc4 Bc5 3. Nf3 Nf6 4. c3 d6 5. a3 Nc6 6. d3 O-O 7. Ng5 Qe7 8. h3
Be6 9. Qb3 d5 10. exd5 a5 11. Qxb7 Qd6 12. Qxc6 Qd8 13. Qxc5 Re8 14. dxe6 h6
15. Nxf7 Rc8 16. Nxd8 Rexd8 17. e7+ Kh7 18. exd8=Q Rxd8 19. Qxc7 Re8 20. O-O
Nh5 21. Qf7 Nf6 22. Re1 Rg8 23. Rxe5 a4 24. Re6 Kh8 25. Qg6 Nh7 26. Re8 Ng5 27.
Rxg8# 1-0

[Event "Tournoi Skype 025B"]
[Site "Skype"]
[Date "????.??.??"]
[Round "4.38"]
[White "Porcabeuf, Jean-Marc"]
[Black "Baker, Abi"]
[Result "1-0"]
[WhiteElo "1129"]
[BlackElo "1179"]
[PlyCount "51"]

1. e4 e6 2. d4 d5 3. exd5 Qxd5 4. Nc3 Qa5 5. h3 Bb4 6. Bd2 Ne7 7. a3 Bxc3 8.
Bxc3 Qg5 9. Nf3 Qd5 10. Be2 O-O 11. O-O Nbc6 12. b4 Bd7 13. Bb2 a5 14. c4 Qe4
15. b5 Na7 16. Bd3 Qf4 17. Bc1 Qxd4 18. Nxd4 f5 19. Qc2 g6 20. Bh6 Rfd8 21.
Rae1 Be8 22. Nxf5 Nxf5 23. Bxf5 exf5 24. Qc3 c6 25. Rxe8+ Rxe8 26. Qg7# 1-0

[Event "Tournoi Skype 025B"]
[Site "Skype"]
[Date "????.??.??"]
[Round "4.39"]
[White "Barrionuevo, Hilario"]
[Black "Prasad, Sanjay"]
[Result "1-0"]
[WhiteElo "1121"]
[BlackElo "1212"]
[PlyCount "33"]

1. d4 c6 2. e4 d5 3. Bd3 dxe4 4. Bxe4 e5 5. Nf3 exd4 6. Bg5 Nf6 7. Nxd4 Bc5 8.
c3 h6 9. Bh4 O-O 10. O-O Re8 11. Re1 Qa5 12. Re3 Rxe4 13. Qd3 Rxh4 14. g3 Rxd4
15. cxd4 Bb6 16. Nc3 Nd5 17. Re8# 1-0

[Event "Tournoi Skype 025B"]
[Site "Skype"]
[Date "????.??.??"]
[Round "4.41"]
[White "Gagnon, Sindy"]
[Black "Mimouni, Driss"]
[Result "1-0"]
[WhiteElo "1000"]
[BlackElo "1139"]
[PlyCount "67"]

1. e4 Nc6 2. c3 e5 3. d4 Bd6 4. Be3 Nf6 5. Bd3 O-O 6. Nf3 Ng4 7. Bd2 Be7 8. h3
Nf6 9. O-O d6 10. dxe5 dxe5 11. Bc4 Nxe4 12. Qc2 Bf5 13. Bd3 Bc5 14. Be1 b6 15.
Kh2 g6 16. g4 Nd4 17. cxd4 Be6 18. dxc5 Nxc5 19. Be2 e4 20. Nd4 Qd6+ 21. f4
Qxd4 22. Bc3 Qd5 23. Rg1 e3 24. f5 Qd6+ 25. Kh1 Bd5+ 26. Bf3 Bxf3+ 27. Rg2 e2
28. Nd2 Bxg2+ 29. Kxg2 Qd5+ 30. Kf2 Rae8 31. fxg6 Nd3+ 32. Kg1 e1=Q+ 33. Rxe1
Nxe1 34. gxh7# 1-0

[Event "Tournoi Skype 025B"]
[Site "Skype"]
[Date "????.??.??"]
[Round "5.1"]
[White "Teles, Jeferson Lisboa"]
[Black "Mantelli, Luca"]
[Result "1-0"]
[WhiteElo "1417"]
[BlackElo "1320"]
[PlyCount "49"]

1. e4 e5 2. Nf3 Nc6 3. Bb5 a6 4. Ba4 d6 5. O-O Nf6 6. d4 b5 7. Bb3 Nxd4 8. Nxd4
exd4 9. c3 d3 10. Qxd3 Qe7 11. a4 Bd7 12. Re1 g6 13. axb5 Bxb5 14. Ba4 c6 15.
Bxb5 cxb5 16. Rxa6 Qb7 17. Rxa8+ Qxa8 18. Qxb5+ Nd7 19. e5 d5 20. e6 fxe6 21.
Rxe6+ Kd8 22. Bg5+ Kc7 23. Ra6 Qb7 24. Bf4+ Kc8 25. Rc6+ 1-0

[Event "Tournoi Skype 025B"]
[Site "Skype"]
[Date "????.??.??"]
[Round "5.2"]
[White "Balanagendran"]
[Black "Cayo, Ana Carolina"]
[Result "0-1"]
[WhiteElo "1361"]
[BlackElo "1431"]
[PlyCount "46"]

1. d4 d5 2. c4 Nf6 3. Nc3 Bf5 4. e3 e6 5. Nf3 b6 6. cxd5 exd5 7. g3 c6 8. Bg2
Nbd7 9. O-O Ne4 10. Nxe4 Bxe4 11. Re1 Qf6 12. a3 Bd6 13. b4 O-O 14. Bb2 Rfe8
15. Rc1 Rac8 16. Qa4 Bxf3 17. Bxf3 Qxf3 18. Rxc6 Nf6 19. Rxd6 Ne4 20. Rxd5
Qxf2+ 21. Kh1 Qxe1+ 22. Kg2 Qf2+ 23. Kh1 Qf1# 0-1

[Event "Tournoi Skype 025B"]
[Site "Skype"]
[Date "????.??.??"]
[Round "5.3"]
[White "Amato, Ludovica"]
[Black "Santos, Joselito"]
[Result "1/2-1/2"]
[WhiteElo "1379"]
[BlackElo "1294"]
[PlyCount "106"]

1. e4 c5 2. Nf3 Nc6 3. d4 e6 4. Nc3 cxd4 5. Nxd4 Bb4 6. Nxc6 Bxc3+ 7. bxc3 bxc6
8. Bf4 Ne7 9. Be2 O-O 10. Qd6 Re8 11. O-O Ng6 12. Bg3 Qe7 13. Rab1 e5 14. Qd2
d6 15. Rfd1 Rd8 16. f3 Be6 17. Rb2 a5 18. Rb6 Qc7 19. Bf2 Ne7 20. Rb2 c5 21. c4
Ra6 22. Rb5 Rd7 23. a4 Nc8 24. Be1 Na7 25. Rxa5 Rxa5 26. Qxa5 Qxa5 27. Bxa5 Nc6
28. Bc3 Nd4 29. Bd3 f6 30. Be1 Ra7 31. Ra1 Bd7 32. c3 Ne6 33. Bc2 g5 34. a5 Kf7
35. Kf2 h5 36. h3 h4 37. Bd2 Nd8 38. Ke2 Bc8 39. Rb1 Rb7 40. Rb5 Nc6 41. a6 Ra7
42. Rb6 Rxa6 43. Rxa6 Bxa6 44. Bd3 Nd8 45. Kd1 Ne6 46. Kc2 Nf4 47. Bxf4 exf4
48. Kb3 Ke7 49. Kc2 Kd7 50. Kb3 Kc7 51. Bc2 Kb6 52. Bd1 Bb7 53. Be2 Bc8 1/2-1/2

[Event "Tournoi Skype 025B"]
[Site "Skype"]
[Date "????.??.??"]
[Round "5.4"]
[White "Bendre, Pankaj"]
[Black "Silva, Givson"]
[Result "1/2-1/2"]
[WhiteElo "1486"]
[BlackElo "1297"]
[PlyCount "52"]

1. e4 e6 2. d4 d5 3. e5 c5 4. c3 Qb6 5. Nf3 Nc6 6. Bd3 cxd4 7. cxd4 Bd7 8. Be2
Nge7 9. Nc3 Nf5 10. Na4 Qa5+ 11. Bd2 Bb4 12. O-O Bxd2 13. Nxd2 Nfxd4 14. Nc3
Nxe2+ 15. Nxe2 O-O 16. Nb3 Qb6 17. Rc1 Nxe5 18. Ned4 Rac8 19. Qe2 Nc6 20. Nf3
Nb4 21. Rxc8 Rxc8 22. Nbd4 Rc1 23. Rxc1 Nxa2 24. Rd1 Nb4 25. Ne5 Ba4 26. Rc1
Nc6 1/2-1/2

[Event "Tournoi Skype 025B"]
[Site "Skype"]
[Date "????.??.??"]
[Round "5.5"]
[White "Luna Perez Vico, Lorenzo"]
[Black "Galani, Mahendra"]
[Result "0-1"]
[WhiteElo "1352"]
[BlackElo "1484"]
[PlyCount "64"]

1. e4 e5 2. Nf3 Nc6 3. Bb5 Qf6 4. Nc3 Nd4 5. Nxd4 exd4 6. Nb1 Qg6 7. Qf3 c6 8.
Bd3 Qe6 9. O-O Be7 10. Qf5 Nh6 11. Qxe6 dxe6 12. c3 e5 13. h3 g5 14. g4 f6 15.
Bc4 Nf7 16. Bxf7+ Kxf7 17. d3 h5 18. f3 hxg4 19. hxg4 Bd7 20. Nd2 Rh3 21. cxd4
exd4 22. Nb3 c5 23. Bd2 Rg3+ 24. Kf2 Bd6 25. Nxc5 Bc6 26. Nb3 Rh8 27. Nxd4 Rh2+
28. Ke1 Rgg2 29. Bc3 Bg3+ 30. Kd1 Ba4+ 31. b3 Bd7 32. Rg1 Rxg1+ 0-1

[Event "Tournoi Skype 025B"]
[Site "Skype"]
[Date "????.??.??"]
[Round "5.6"]
[White "Pouteau, Pascal"]
[Black "Munoz Gonzalez, Martin"]
[Result "1-0"]
[WhiteElo "1457"]
[BlackElo "1353"]
[PlyCount "65"]

1. d4 Nf6 2. c4 g6 3. Nc3 Bg7 4. Nf3 O-O 5. e4 d6 6. Bf4 c5 7. d5 b6 8. Be2 Bb7
9. Qd2 Nbd7 10. Nb5 a6 11. Nc3 e6 12. Bxd6 Re8 13. Bf4 exd5 14. cxd5 Nxe4 15.
Nxe4 Rxe4 16. Be3 Nf6 17. Rd1 Qxd5 18. Bd3 Ree8 19. O-O Qxa2 20. Bh6 Bh8 21.
Rc1 Qd5 22. Rc2 Ng4 23. Bf4 Ne5 24. Bxe5 Bxe5 25. Bc4 Qc6 26. Qg5 Bg7 27. Rd2
Qf6 28. Rd7 Bxf3 29. Qxf6 Bxf6 30. Bxf7+ Kg7 31. Bxe8+ Kf8 32. Rf7+ Kxe8 33.
Rxf6 1-0

[Event "Tournoi Skype 025B"]
[Site "Skype"]
[Date "????.??.??"]
[Round "5.7"]
[White "Scata, Laura"]
[Black "Malbec, Robert"]
[Result "1-0"]
[WhiteElo "1320"]
[BlackElo "1394"]
[PlyCount "87"]

1. d4 d5 2. Bf4 Nf6 3. e3 e6 4. Nd2 Nc6 5. c3 Bd6 6. Bg3 a6 7. Bd3 Qe7 8. Ngf3
e5 9. dxe5 Nxe5 10. Nxe5 Bxe5 11. Bxe5 Qxe5 12. O-O O-O 13. Re1 Qg5 14. e4 dxe4
15. Nxe4 Nxe4 16. Bxe4 c6 17. Qc2 Qh6 18. Re3 Be6 19. Rae1 Rad8 20. Bf5 Rd6 21.
Rh3 Bxf5 22. Rxh6 Bxc2 23. Rxd6 f6 24. Re7 Ba4 25. b3 Bb5 26. c4 Rb8 27. cxb5
axb5 28. Rdd7 Ra8 29. Rxg7+ Kf8 30. Rxh7 Kg8 31. Rhe7 Kf8 32. h4 Rxa2 33. h5
Ra1+ 34. Kh2 Rc1 35. h6 Rc5 36. h7 Rh5+ 37. Kg1 b6 38. Rf7+ Ke8 39. Rb7 c5 40.
Rxf6 c4 41. bxc4 bxc4 42. Rfxb6 c3 43. Rc6 Kf8 44. Rc8# 1-0

[Event "Tournoi Skype 025B"]
[Site "Skype"]
[Date "????.??.??"]
[Round "5.8"]
[White "Pezzolato, Erica"]
[Black "Sanchez Padilla, Armando Edilber"]
[Result "1-0"]
[WhiteElo "1390"]
[BlackElo "1329"]
[PlyCount "93"]

1. Nf3 Nf6 2. g3 c5 3. Bg2 Nc6 4. O-O e5 5. d3 d6 6. c4 Be7 7. Nc3 Be6 8. Bd2
O-O 9. Ng5 Qd7 10. Nxe6 Qxe6 11. Nd5 Bd8 12. Bg5 Rb8 13. Bxf6 Bxf6 14. Nxf6+
Qxf6 15. a3 Nd4 16. e3 Nf5 17. Qf3 Qg6 18. Qe4 a6 19. Bh3 Ne7 20. Qxg6 Nxg6 21.
b4 Rbd8 22. Bg2 b6 23. Rab1 Kh8 24. bxc5 bxc5 25. Rb7 Kg8 26. Rfb1 Rfe8 27. Bc6
Re7 28. Be4 h5 29. Bxg6 Rxb7 30. Rxb7 fxg6 31. h3 d5 32. Rb6 dxc4 33. dxc4 a5
34. Rxg6 Rd1+ 35. Kg2 Ra1 36. Rc6 Rxa3 37. Rxc5 a4 38. Rxe5 Rc3 39. Rxh5 Rxc4
40. Ra5 Kh7 41. Kf3 Kh6 42. h4 g6 43. g4 Rb4 44. e4 Rb3+ 45. Kf4 a3 46. Ra7 Rh3
47. g5+ 1-0

[Event "Tournoi Skype 025B"]
[Site "Skype"]
[Date "????.??.??"]
[Round "5.9"]
[White "De Nobrega, George"]
[Black "Gerbaux, Regis"]
[Result "1-0"]
[WhiteElo "1317"]
[BlackElo "1355"]
[PlyCount "63"]

1. e4 c5 2. Nf3 d6 3. d4 cxd4 4. Nxd4 Nf6 5. Nc3 e5 6. Nf3 h6 7. Be2 Be7 8. Qd3
a6 9. Nd5 Be6 10. Nxf6+ Bxf6 11. a3 O-O 12. Be3 Nd7 13. Qxd6 Be7 14. Qd2 Qc7
15. O-O Rfd8 16. Bd3 Nf6 17. Qe1 Bc4 18. Qc3 Rac8 19. Bxc4 Qxc4 20. Qxc4 Rxc4
21. Nxe5 Rxc2 22. b4 Nxe4 23. f3 Ng5 24. Rf2 Rxf2 25. Kxf2 Bf6 26. f4 Ne4+ 27.
Ke2 g6 28. Rc1 Bxe5 29. fxe5 Rd7 30. Bxh6 g5 31. Ke3 Nd2 32. Bxg5 1-0